000 00766cam a2200253 a 4500
001 497365
005 20150828123201.0
008 850423s1986 nyua b s001 0 eng
010 _a 85009818
020 _a0887061419
020 _a0887061427 (pbk.)
040 _aDLC
_cDLC
_dOCoLC
_dDLC
050 0 0 _aB829.5
_b.I32 1986
082 0 0 _a142/.7
_219
100 1 _aIhde, Don,
_d1934-
_99081
245 1 0 _aConsequences of phenomenology /
_cDon Ihde.
260 _aAlbany, N.Y. :
_bState University of New York Press,
_cc1986.
300 _axi, 210 p. :
_bill. ;
_c24 cm.
500 _aIncludes index.
504 _aBibliography: p. 199-207.
650 0 _aPhenomenology.
_919234
906 _a7
_bcbc
_corignew
_d1
_eocip
_f19
_gy-gencatlg
942 _2lcc
_cMONOGRAPH
999 _c123209
_d123209